Kultúra v startupe a jej vplyv na atraktivitu pracovného miesta

Dopad podnikovej kultúry na atraktívnosť zamestnania v tomto type podnikania. Zveľaďovanie a prvky podnikovej kultúry. Charakteristika startupu, ktorý je atraktívny hlavne pre mladú generáciu potenciálnych zamestnancov.

Saved in:
Bibliographic Details
Main Author: Sochanič, Vladislav
Other Authors: Mikle, Lenka, 1993-
Format: Book Chapter
Language:Slovak
Subjects:
Tags: Add Tag
No Tags, Be the first to tag this record!

MARC

LEADER 00000naa a2200000 4500
001 0263811
005 20240502074204.0
041 0 |a slo 
044 |a SK 
245 1 0 |a Kultúra v startupe a jej vplyv na atraktivitu pracovného miesta  |c Vladislav Sochanič, Lenka Mikle 
520 |a Dopad podnikovej kultúry na atraktívnosť zamestnania v tomto type podnikania. Zveľaďovanie a prvky podnikovej kultúry. Charakteristika startupu, ktorý je atraktívny hlavne pre mladú generáciu potenciálnych zamestnancov. 
610 2 0 |a kultúra podniková 
610 2 0 |a start-up 
610 2 0 |a zamestnanie 
610 2 0 |a zamestnanci 
610 2 0 |a miesta pracovné 
100 1 |a Sochanič, Vladislav 
700 1 |a Mikle, Lenka, 1993-